Intonation in context /

Guardado en:
Detalles Bibliográficos
Autor principal: Bradford, Barbara
Formato: Sách giấy
Lenguaje:English
Publicado: Cambridge : Cambridge University, 1988
Etiquetas: Agregar Etiqueta
Sin Etiquetas, Sea el primero en etiquetar este registro!
Thư viện lưu trữ: Thư viện Trường Đại học Đà Lạt
LEADER 00547nam a2200241 4500
001 DLU020018227
005 ##7/2/2001
020 # # |a 978- 
041 # # |a eng 
082 # # |a 421.6  |b BR-B 
100 # # |a Bradford, Barbara 
245 # # |a Intonation in context /  |c Barbara Bradford 
260 # # |a Cambridge :  |b Cambridge University,  |c 1988 
300 # # |a 62 tr.;   |c 24 cm. 
992 # # |a 0 
994 # # |a DLU 
900 # # |a False 
911 # # |a Administrator 
925 # # |a G 
926 # # |a A 
927 # # |a SH 
980 # # |a Thư viện Trường Đại học Đà Lạt